| 000 -LEADER | |
|---|---|
| fixed length control field | 00411nam a22001577a 4500 |
| 005 - DATE AND TIME OF LATEST TRANSACTION | |
| control field | 20160613112507.0 |
| 008 - FIXED-LENGTH DATA ELEMENTS--GENERAL INFORMATION | |
| fixed length control field | 160613b xxu||||| |||| 00| 0 eng d |
| 020 ## - INTERNATIONAL STANDARD BOOK NUMBER | |
| ISBN | 81-219-2573-8 |
| 041 ## - LANGUAGE CODE | |
| Language code of text/sound track or separate title | eng |
| 082 ## - DEWEY DECIMAL CLASSIFICATION NUMBER | |
| Item number | 7152 |
| 100 ## - MAIN ENTRY--AUTHOR NAME | |
| Personal name | Khurmi RS & Gupta, J.K. |
| 245 ## - TITLE STATEMENT | |
| Title | A text book of thermal engineering |
| 260 ## - PUBLICATION, DISTRIBUTION, ETC. (IMPRINT) | |
| Place of publication | New Delhi |
| Name of publisher | Sultan Chand & Sons, |
| 650 ## - SUBJECT ADDED ENTRY--TOPICAL TERM | |
| Topical Term | DIPLOMA ENGINEERING |
| 942 ## - ADDED ENTRY ELEMENTS (KOHA) | |
| Koha item type | Books |
| Lost status | Damaged status | Home library | Current library | Shelving location | Date acquired | Cost, normal purchase price | Full call number | Accession Number | Koha item type | Collection code |
|---|---|---|---|---|---|---|---|---|---|---|
| JRU Library | SHELF-42-J | 13/06/2016 | 500.00 | 7152 | 7152 | Books | ||||
| JRU Library | SHELF-42-J | 13/06/2016 | 500.00 | 7152 | 7153 | Books | ||||
| JRU Library | SHELF-42-J | 13/06/2016 | 500.00 | 7152 | 7154 | Books | ||||
| JRU Library | SHELF-42-J | 13/06/2016 | 500.00 | 7152 | 7155 | Books | ||||
| JRU Library | JRU Library | SHELF-58-C | 13/06/2016 | 500.00 | 7152 | 7156 | Books | MINING |